| 000 | 00829nam a2200253Ia 4500 | ||
|---|---|---|---|
| 001 | 21982 | ||
| 005 | 20260320113331.0 | ||
| 008 | 260320s9999||||xx |||||||||||||| ||und|| | ||
| 020 | _a9781422187333 | ||
| 041 | _aING | ||
| 082 |
_a658.406 _bK468 |
||
| 100 |
_aKotter, John P., _eAUT |
||
| 245 | 4 |
_aThe heart of change : _breal-life stories of how people change their organizations |
|
| 246 |
_a _5 _b |
||
| 260 |
_aBoston : _bHarvard Business Review Press, _c2002 |
||
| 300 |
_axiii, 188 páginas : _b _c24 cm. _e |
||
| 440 |
_a _n _v |
||
| 650 | _aTCA | ||
| 653 | _aNegocios; Cambio organizacional | ||
| 654 | _aCAN | ||
| 700 |
_aCohen, Dan S., _cAUT |
||
| 856 |
_uhttps://0u20fmxxb-y-https-research-ebsco-com.itmsp.museknowledge.com/c/qxo6us/search _zVéase además: Base de datos EBSCOhost |
||
| 942 |
_cLIB _dJUS _fMAT _2ddc _n |
||
| 999 |
_c21982 _d21982 |
||